Statistiques concernant Signification du sigle LGBTQIA+

Cliquez ici pour prendre le quiz!

Statistiques générales

  • Ce quiz a été pris 1 614 fois
    (1 182 depuis la dernière actualisation)
  • Le résultat moyen est 6 sur 7

Statistiques - réponses

LettreSignification% Correct
GGays
99%
LLesbiennes
99%
BBisexuels
98%
TTrans
98%
QQueers
85%
AAsexuels
72%
IIntersexes
50%

Distribution des résultats

Percentile par nombre de réponses

% des personnes avec chaque résultat

Votre développement - résultats

Vous n’avez pas pris ce quiz depuis la dernière actualisation